| 000 | 00708nam a2200229Ia 4500 | ||
|---|---|---|---|
| 003 | GCL | ||
| 008 | 140319s9999 xx 000 0 ara d | ||
| 040 |
_aGCL / _cGCL |
||
| 082 | 0 | 4 |
_a812 _bس د |
| 100 | 1 | _aسمير سرحان | |
| 245 | 1 | 0 |
_aرحلة التنوير / _cسمير سرحان |
| 700 | 1 | _aمحمد عنانى | |
| 260 |
_a[S.N] : _bالهيئة المصرية العامة للكتاب ، _c1991 |
||
| 300 | _a101 ص | ||
| 490 | _a | ||
| 650 | 0 | 4 | _aالادب العربى |
| 650 | 0 | 4 | _aمصر |
| 650 | 0 | 4 | _aالحضارة العربية الاسلامية - المعارف البحرية |
| 650 | 0 | 4 | _aالمسرحية العربية |
| 650 | 0 | 4 | _aالثقافة |
| 942 |
_2ddc _cBK |
||
| 999 |
_c29776 _d29776 |
||